000 00507cam a2200181ua 4500
001 12112
008 200220n ii |||gr||||Z||||||eng
020 _a9788131101933
040 _cMAIN
082 _a809
100 _aKrishan Das,
_eAuthor.
245 _aHistory of literary criticism
_cBy Krishan Das and Deepchand Patra
260 _aNew Delhi:
_bCommonwealth publishers,
_c2019.
300 _a288p.
653 _aHistory, description & criticism
700 _aDeepchand Patra,
_eAuthor.
942 _cBK
999 _c10884
_d10884